Gerona en la revolución de 1640 (Record no. 162718)

MARC details
000 -LEADER
campo de control de longitud fija 00855nam a22002295i 4500
001 - NÚMERO DE CONTROL
campo de control 162718
003 - IDENTIFICADOR DE NÚMERO DE CONTROL
campo de control ES-MaACL
005 - FECHA Y HORA DE LA ÚLTIMA TRANSACCIÓN
campo de control 20230906212603.0
008 - DATOS DE LONGITUD FIJA--INFORMACIÓN GENERAL
campo de control de longitud fija 951113s1881 sp |||| | spa d
040 ## - FUENTE DE CATALOGACIÓN
Centro catalogador/agencia de origen CLM
Lengua de catalogación spa
Centro/agencia transcriptor CCPB | SIC
100 1# - ENTRADA PRINCIPAL--NOMBRE DE PERSONA
Nombre de persona Pujol y Camps, Celestino.
9 (RLIN) 131432
245 10 - MENCIÓN DEL TÍTULO
Título Gerona en la revolución de 1640
Resto del título : ("noticias y documentos inéditos") /
Mención de responsabilidad, etc. por Celestino Pujol y Camps.
250 ## - MENCION DE EDICION
Mención de edición 2\pa\s ed. aum.
260 ## - PUBLICACIÓN, DISTRIBUCIÓN, ETC.
Lugar de publicación, distribución, etc. Gerona :
Nombre del editor, distribuidor, etc. Vicente Daroca,
Fecha de publicación, distribución, etc. 1881 (
Fabricante Imp. de la Revista de Ciencias Históricas)
300 ## - DESCRIPCIÓN FÍSICA
Extensión 168, VI p. ;
Dimensiones 23 cm.
500 #1 - NOTA GENERAL
Nota general Obra laureada por la Asociación Literaria de Gerona en el certámen de 1880.
597 #1 - NOTA DE DESCRIPCIÓN FÍSICA
NOTA DE DESCRIPCIÓN FÍSICA Antep.
597 #1 - NOTA DE DESCRIPCIÓN FÍSICA
NOTA DE DESCRIPCIÓN FÍSICA Port. con esc. xil.
650 #4 - PUNTO DE ACCESO ADICIONAL DE MATERIA--TÉRMINO DE MATERIA
Término de materia o nombre geográfico como elemento de entrada Gerona-
Subdivisión general Historia-
-- Revolución, 1640.
9 (RLIN) 136184
752 ## - ENTRADA AGREGADA--NOMBRE JERÁRQUICO DEL LUGAR
País o entidad superior España -
Ciudad , Gerona
852 ## - LOCALIZACIÓN
Ubicación ES-MaACL
Número de control de estantería G-2670
Nota libre -- Rúst.
Holdings
Estatus retirado Estado de pérdida Estado de daño No para préstamo Colección Biblioteca de origen Biblioteca actual Ubicación en estantería Fecha de adquisición Fuente de adquisición Total de préstamos Signatura topográfica completa Código de barras Visto por última vez Precio de reemplazo Tipo de ítem Koha
        Libros del s. XIX Biblioteca del Ateneo de Madrid Biblioteca del Ateneo de Madrid Depósito 2 17/01/2008     G-2670 1170476 23/02/2023 23/02/2023 Libro impreso antiguo